ბათუმის შოთა რუსთაველის სახელმწიფო უნივერსიტეტის ბიბლიოთეკა

Handbook of affective sciences / (ბიბ.ჩანაწერი № 49727)

000 -LEADER
fixed length control field 00878nam a2200277Ia 4500
001 - CONTROL NUMBER
control field 16662
003 - CONTROL NUMBER IDENTIFIER
control field GE_BSU
005 - DATE AND TIME OF LATEST TRANSACTION
control field 20200131160103.0
008 - FIXED-LENGTH DATA ELEMENTS--GENERAL INFORMATION
fixed length control field 181216s||||||||xx |||||||||||||| ||und||
020 ## - INTERNATIONAL STANDARD BOOK NUMBER
International Standard Book Number ISBN 9780195377002 (pbk.alk. paper)
040 ## - CATALOGING SOURCE
Transcribing agency GE_BSU
080 ## - UNIVERSAL DECIMAL CLASSIFICATION NUMBER
Universal Decimal Classification number 159.923
245 ## - TITLE STATEMENT
Title Handbook of affective sciences /
245 ## - TITLE STATEMENT
Statement of responsibility, etc. edited by: Richard J. Davidson, Klaus R. Scherer, H. Hill Goldsmith.
260 ## - PUBLICATION, DISTRIBUTION, ETC.
Place of publication, distribution, etc. New York
260 ## - PUBLICATION, DISTRIBUTION, ETC.
Name of publisher, distributor, etc. Oxford University Press
260 ## - PUBLICATION, DISTRIBUTION, ETC.
Date of publication, distribution, etc. 2009
300 ## - PHYSICAL DESCRIPTION
Extent 1199 p;
Dimensions 26 cm.
653 ## - INDEX TERM--UNCONTROLLED
keyword Affect (Psychology) Emotions.
653 ## - INDEX TERM--UNCONTROLLED
keyword ფსიქოლოგია
700 ## - ADDED ENTRY--PERSONAL NAME
Personal name Davidson, Richard J
Relator term რედაქტორი
9 (RLIN) 6653
700 ## - ADDED ENTRY--PERSONAL NAME
Personal name Scherer, Klaus R
Relator term რედაქტორი
9 (RLIN) 6654
700 ## - ADDED ENTRY--PERSONAL NAME
Personal name Goldsmith, H. Hill
Relator term რედაქტორი
9 (RLIN) 6655
942 ## - ADDED ENTRY ELEMENTS (KOHA)
Koha item type წიგნი
Source of classification or shelving scheme
ეგზემპლარები
Withdrawn status Lost status Source of classification or shelving scheme Damaged status Not for loan Permanent Location Current Location Shelving location Date acquired Cost, normal purchase price Full call number Barcode Date last seen Copy number Price effective from Koha item type Public note
          ბათუმის შოთა რუსთაველის სახელმწიფო უნივერსიტეტის მთავარი ბიბლიოთეკა ბათუმის შოთა რუსთაველის სახელმწიფო უნივერსიტეტის მთავარი ბიბლიოთეკა წიგნსაცავი 2018-12-17 252.00 159.923 45136 2018-12-17 45136 2018-12-17 წიგნი 252 gel..